• 首页
  • 本馆介绍
  • 公告通知
  • 最新文献
  • 馆藏检索
  • 电子资源
  • 读者导购
  • 参考咨询
  • 我的图书馆
  • 登录
  • 详细信息显示
  • 放入我的书架
  • 预约/预借图书
  • 作者相关作品
  • 分类相关作品
  • 丛书相关作品
  • 出版社相关作品

书目信息

  • 表格格式
  • 工作单格式
  • 卡片格式
题名:
中国草地资源调查与地图编制
    
 
作者: 苏大学 著
分册:  
出版信息: 北京   中国农业大学出版社  2013.02
页数: 475页
开本: 27cm
丛书名: 现代农业高新技术成果丛书
单 册:
中图分类: F323.212 , P285.1
科图分类:
主题词: 草地资源--资源调查--中国 , 草地资源--农业地图--地图编绘--中国 , 草地资源 , 资源调查 , 农业地图 , 地图编绘
电子资源:
ISBN: 978-7-5655-0486-0
000 01363oam2 2200361 450
001 01001011262729
005 20140609160318.39
010    @a978-7-5655-0486-0@b精装@dCNY128.00
100    @a20130417d2013 em y0chiy50 ea
101 0  @achi
102    @aCN@b110000
105    @aak z 000yy
106    @ar
200 1  @a中国草地资源调查与地图编制@9zhong guo cao di zi yuan diao cha yu di tu bian zhi@dSurvey and mapping of the rangeland resources of China@f苏大学著@zeng
210    @a北京@c中国农业大学出版社@d2013.02
215    @a475页@c图@d27cm
225 2  @a现代农业高新技术成果丛书
300    @a国家出版基金项目
330    @a本书详述了中国草地资源调查、监测的应用方法。包括总体调查方案、调查精度的制定,外业调查与内业工作的内容、程序、方法,生产力测定等。
333    @a可供从事草地资源、土地资源、草地生态、草地畜牧业工作的科技人员、大学师生、草地监理技术人员参考
461  0 @12001 @a现代农业高新技术成果丛书
510 1  @aSurvey and mapping of the rangeland resources of China@zeng
606 0  @a草地资源@x资源调查@y中国
606 0  @a草地资源@x农业地图@x地图编绘@y中国
606 0  @a草地资源
606 0  @a资源调查
606 0  @a农业地图
606 0  @a地图编绘
690    @aF323.212@v5
690    @aP285.1@v5
701  0 @a苏大学@9su da xue@f(1941-)@4著
801  0 @aCN@b人天书店@c20130417
905    @b549801-03@dF323.212@e145@f3
    
    中国草地资源调查与地图编制=Survey and mapping of the rangeland resources of China/苏大学著.-北京:中国农业大学出版社,2013.02
    475页:图;27cm.-(现代农业高新技术成果丛书)
    国家出版基金项目.-使用对象:可供从事草地资源、土地资源、草地生态、草地畜牧业工作的科技人员、大学师生、草地监理技术人员参考
    
    ISBN 978-7-5655-0486-0(精装):CNY128.00
    本书详述了中国草地资源调查、监测的应用方法。包括总体调查方案、调查精度的制定,外业调查与内业工作的内容、程序、方法,生产力测定等。
●
相关链接 在E读中查询图书 在五车中查询图书 在当当中查询图书 在豆瓣中查询图书


正题名:中国草地资源调查与地图编制     索取号:F323.212/145         预约/预借

序号 登录号 条形码 馆藏地/架位号 状态 备注
1 549801   205498013   第一样本阅览室/ [索取号:F323.212/145] 在馆    
2 549802   205498022   密集书库-资源管理系/ [索取号:F323.212/145] 在馆    
3 549803   205498031   第一借阅区/ [索取号:F323.212/145] 在馆    
唐山师范学院图书馆 欢迎您!
大连网信软件有限公司© 版权所有